Thành ngữ - tục ngữ ca dao dân tộc Tày
Giải thích, miêu tả các từ về phong tục, tập quán, sinh hoạt, lễ hội; chùa chiền, đền miếu; văn học nghệ thuật, sự tích, ca dao dân tộc Tày
Salvato in:
| Ente Autore: | |
|---|---|
| Natura: | Libro |
| Lingua: | Undetermined |
| Pubblicazione: |
Hà Nội
Văn hóa Thông tin
2014
|
| Soggetti: | |
| Tags: |
Aggiungi Tag
Nessun Tag, puoi essere il primo ad aggiungerne! !
|
| Thư viện lưu trữ: | Trung tâm Học liệu Trường Đại học Cần Thơ |
|---|
| LEADER | 00858nam a2200193Ia 4500 | ||
|---|---|---|---|
| 001 | CTU_190989 | ||
| 008 | 210402s9999 xx 000 0 und d | ||
| 082 | |a 398.99592 | ||
| 082 | |b H452 | ||
| 110 | |a Hội văn nghệ dân gian Việt Nam | ||
| 245 | 0 | |a Thành ngữ - tục ngữ ca dao dân tộc Tày | |
| 245 | 0 | |c Hoàng Quyết, Hoàng Triều Ân (Sưu tầm và biên soạn) | |
| 260 | |a Hà Nội | ||
| 260 | |b Văn hóa Thông tin | ||
| 260 | |c 2014 | ||
| 520 | |a Giải thích, miêu tả các từ về phong tục, tập quán, sinh hoạt, lễ hội; chùa chiền, đền miếu; văn học nghệ thuật, sự tích, ca dao dân tộc Tày | ||
| 650 | |a Terms and phrases,Thành ngữ | ||
| 910 | |a Hải | ||
| 980 | |a Trung tâm Học liệu Trường Đại học Cần Thơ | ||